ब्रह्मावर्त : (Record no. 118179)

MARC details
000 -LEADER
fixed length control field 01331nam a22002777a 4500
003 - CONTROL NUMBER IDENTIFIER
control field dpl
005 - DATE AND TIME OF LATEST TRANSACTION
control field 20180718123835.0
008 - FIXED-LENGTH DATA ELEMENTS--GENERAL INFORMATION
fixed length control field 180718b xxu||||| |||| 00| 0 eng d
010 ## - LIBRARY OF CONGRESS CONTROL NUMBER
LC control number B-114911
020 ## - INTERNATIONAL STANDARD BOOK NUMBER
Terms of availability 125.00
International Standard Book Number 8126307900
035 ## - SYSTEM CONTROL NUMBER
System control number B-114911, B-114925
037 ## - SOURCE OF ACQUISITION
Source of stock number/acquisition Cen Lib/Ret
040 ## - CATALOGING SOURCE
Original cataloging agency DPL
Language of cataloging HN
Transcribing agency 0
082 ## - DEWEY DECIMAL CLASSIFICATION NUMBER
Classification number
Item number साठेमा
100 ## - MAIN ENTRY--PERSONAL NAME
Personal name साठे, माधव
9 (RLIN) 78717
245 ## - TITLE STATEMENT
Title ब्रह्मावर्त :
Statement of responsibility, etc माधव साठे
Remainder of title इतिहास पुरुष नानासाहेब पेशवा पर केन्द्रित उपन्यास /
246 ## - VARYING FORM OF TITLE
Title proper/short title Brahavrat :itihas purush nanasaheb peshva par kendrit upanyas
Remainder of title by Madhav Sathe
260 ## - PUBLICATION, DISTRIBUTION, ETC. (IMPRINT)
Place of publication, distribution, etc नई दिल्ली
Name of publisher, distributor, etc भारतीय ज्ञानपीठ प्रकाशन
Date of publication, distribution, etc 2003
270 ## - ADDRESS
Address 18-इंडस्ट्रियल एरिया लोधी रोड
City नई दिल्ली
Postal code 110003
300 ## - PHYSICAL DESCRIPTION
Extent 230पृष्ठ.
Dimensions 20सेमी(सजिल्द)
650 ## - SUBJECT ADDED ENTRY--TOPICAL TERM
Topical term or geographic name as entry element हिंदी साहित्य
9 (RLIN) 78718
650 ## - SUBJECT ADDED ENTRY--TOPICAL TERM
Topical term or geographic name as entry element ऐतिहासिक - हिंदी उपन्यास
9 (RLIN) 1531
650 ## - SUBJECT ADDED ENTRY--TOPICAL TERM
Topical term or geographic name as entry element hindi Literature
9 (RLIN) 78719
650 ## - SUBJECT ADDED ENTRY--TOPICAL TERM
Topical term or geographic name as entry element Historical - Hindi fiction
9 (RLIN) 78720
942 ## - ADDED ENTRY ELEMENTS (KOHA)
Source of classification or shelving scheme Dewey Decimal Classification
Koha item type Hindi Books
Classification part
Call number suffix साठेमा
Holdings
Withdrawn status Lost status Damaged status Not for loan Home library Current library Date acquired Source of acquisition Cost, normal purchase price Total Checkouts Full call number Barcode Date last seen Date checked out Copy number Cost, replacement price Price effective from Koha item type Source of classification or shelving scheme Collection code Shelving location
        Central Library Central Library 10/09/2015 Cen Lib /Ret 125.00 2 उ साठेमा B-114911 26/08/2017 10/08/2017 1 125.00 10/09/2015 Hindi Books      
        Patel Nagar Patel Nagar 21/11/2005 BPPD/PUB 125.00   उ साठेमा B-114912 04/03/2020   1 125.00 04/03/2020 Hindi Books Dewey Decimal Classification Fiction Fiction
        Shahdara Branch Shahdara Branch 18/07/2018 BPPD/PUB 125.00   उ साठेमा B-114925 18/07/2018     125.00 18/07/2018 Hindi Books Dewey Decimal Classification Fiction  
        Yojana Vihar Yojana Vihar 25/07/2019 BPPD/PUB 125.00   उ साठेमा B-114926 25/07/2019     125.00 25/07/2019 Hindi Books Dewey Decimal Classification Fiction  

© Delhi Public Library
Hit Counter
free hit counter